| 000 | 00929nam a22003137a 4500 | ||
|---|---|---|---|
| 003 | CHAP | ||
| 005 | 20220329143822.0 | ||
| 008 | 111003s1972 mx r 00010 spa d | ||
| 010 | _a102303 | ||
| 011 | _a103275 | ||
| 035 | _a113964 | ||
| 040 | _cCHAP | ||
| 082 | 0 | 4 |
_a335.4 _bOi9 |
| 100 | 0 | 0 |
_aOizerman, T. _982887 |
| 245 | 1 | 0 |
_aMarxismo y humanismo _c/por T. Oizerman ...[et al.] |
| 260 |
_aMéxico, D.F. : _bRoca, _c1972 |
||
| 300 | _a160 p. | ||
| 490 | 0 |
_aColección R _v; 6 |
|
| 590 |
_aBATCH-UPD _b10 _c20130110 _lUCH01 _h1200 |
||
| 590 |
_aBATCH-UPD _b10 _c20130410 _lUCH01 _h0743 |
||
| 590 |
_aBATCH-UPD _b10 _c20130914 _lUCH01 _h1005 |
||
| 590 |
_aCONVERSION _b10 _c20130109 _lUCH01 _h1356 |
||
| 650 | 1 | 4 |
_aHumanismo. _956860 |
| 650 | 1 | 4 |
_aMarxismo. _972728 |
| 830 | 0 |
_aColección R _v; 6 _924968 |
|
| 901 | _aBK | ||
| 942 | _cLIBRO | ||
| 949 |
_a335.4 Oi9 _bBC _cLIBRO _d33724002312025 _eLIBRO _gonaciØn _h115929 _i113964 _sb |
||
| 999 |
_c102303 _d102303 |
||